Wajah di kanvas
| Format: | Book |
|---|---|
| Published: |
Kuala Lumpur :
DBP ,
1994
|
| Subjects: |
MARC
| LEADER | 00000cam a2200000 7i4500 | ||
|---|---|---|---|
| 001 | 0000006322 | ||
| 002 | 000006826 | ||
| 005 | 20000330.0 | ||
| 020 | |a 9836242368 | ||
| 090 | 0 | 0 | |a F |b WAJ |
| 245 | 0 | 0 | |a Wajah di kanvas |c diselenggarakan oleh Othman Puteh |
| 260 | |a Kuala Lumpur : |b DBP , |c 1994 | ||
| 300 | |a 205p. ; |c 18cm. | ||
| 650 | 0 | 0 | |a General fiction, Malay |
| 999 | |a 039307 |b BUKU |c PINJAMAN |e PERPUSTAKAAN KOMUNITI PETALING JAYA | ||